Detalles MARC
| 000 -CABECERA |
| Longitud fija campo de control |
01503nam a2200361 i 4500 |
| 003 - IDENTIFICADOR DEL NUMERO DE CONTROL |
| Identificador del número de control |
CO-BoRNBP |
| 005 - FECHA Y HORA DE LA ULTIMA TRANSACCION |
| Fecha y hora de la última transacción |
20230404133734.0 |
| 007 - CAMPO FIJO DE DESCRIPCION FISICA |
| Campo fijo de descripción física |
ta |
| 008 - CODIGOS DE INFORMACION DE LONGITUD FIJA |
| Códigos de información de longitud fija |
221202s2022 ck a br 000 0dspa d |
| 020 ## - NUMERO INTERNACIONAL NORMALIZADO PARA LIBROS |
| Número Internacional Normalizado para Libros (ISBN) |
9786289528954 |
| 040 ## - FUENTE DE LA CATALOGACION |
| Centro catalogador de origen |
CO-BoRNBP |
| Lengua de catalogación |
spa |
| Normas de descripción |
rda |
| Centro transcriptor |
CO-BoRNBP |
| 041 1# - CODIGO DE LENGUA |
| Código de lengua del texto/banda sonora o título independiente |
spa |
| Código de lengua original |
ita |
| 082 04 - NUMERO DE LA CLASIFICACION DECIMAL DEWEY |
| Número de clasificación (R) |
177.5 |
| Número del ítem |
F67d |
| Número de edición |
22 |
| 100 1# - PUNTO DE ACCESO PRINCIPAL-NOMBRE DE PERSONA |
| Nombre de persona |
Fornasari, Eleonora |
| Fechas asociadas al nombre |
1985- |
| Término indicativo de función |
autora |
| 245 10 - TITULO PROPIAMENTE DICHO |
| Título |
10 ideas para superar el racismo |
| Mención de responsabilidad, etc. |
texto de Eleonora Fornasari ; ilustraciones de Clarissa Corradin ; traducción de Pau Sanchis Ferrer |
| 246 33 - VARIANTES DE TITULO |
| Título propio / Título en breve |
Diez ideas para superar el racismo |
| 250 ## - MENCION DE EDICION |
| Mención de edición |
Edición especial |
| 264 #1 - PRODUCCION, PUBLICACION , DISTRIBUCION, FABRICACION Y COPYRIGHT |
| Lugar de producción, publicación, distribución, fabricación |
Bogotá, Colombia |
| Nombre del productor, editor, distribuidor, fabricante |
Lobolunar |
| Fecha de de producción, publicación, distribución, fabricación o copyright |
2022 |
| 300 ## - DESCRIPCION FISICA |
| Extensión |
39 páginas |
| Otras características físicas |
ilustraciones a color |
| Dimensiones |
27 cm |
| 336 ## - TIPO DE CONTENIDO |
| Término de tipo de contenido |
texto |
| Código de tipo de contenido |
txt |
| Fuente |
rdacontent |
| 337 ## - TIPO DE MEDIO |
| Nombre del tipo de medio |
sin mediación |
| Código del tipo de medio |
n |
| Fuente |
rdamedia |
| 338 ## - TIPO DE SOPORTE |
| Nombre del tipo de soporte |
volumen |
| Código del tipo de soporte |
nc |
| Fuente |
rdacarrier |
| 490 0# - MENCION DE SERIE |
| Mención de serie |
Plan Nacional de Lectura y Escritura Leer es mi Cuento / Ministerio de Cultura |
| 521 ## - NOTA DE PUBLICO DESTINATARIO |
| Nota público destinatario (R ) |
Recomendado para un público mayor de 9 años |
| 534 ## - Nota De Versión Original |
| Título |
10 idee per sconfigger il razzismo |
| 545 ## - DATOS BIOGRAFICOS O HISTORICOS |
| Datos bigr´ficos o históricos |
Incluye datos biográficos de la autora e ilustradora al final del texto |
| 650 17 - PUNTO DE ACCESO ADICIONAL DE MATERIA - TERMINO DE MATERIA |
| Término de materia o nombre geográfico como elemento inicial |
Racismo |
| Subdivisión de materia general |
Aspectos morales y éticos |
| -- |
Literatura infantil |
| Fuente del encabezamiento |
LEMB |
| 650 17 - PUNTO DE ACCESO ADICIONAL DE MATERIA - TERMINO DE MATERIA |
| Término de materia o nombre geográfico como elemento inicial |
Prejuicios |
| Subdivisión de materia general |
Aspectos morales y éticos |
| -- |
Literatura infantil |
| Fuente del encabezamiento |
LEMB |
| 650 17 - PUNTO DE ACCESO ADICIONAL DE MATERIA - TERMINO DE MATERIA |
| Término de materia o nombre geográfico como elemento inicial |
Valores sociales |
| Subdivisión de materia general |
Literatura infantil |
| Fuente del encabezamiento |
LEMB |
| 700 1# - PUNTO DE ACCESO ADICIONAL - NOMBRE DE PERSONA |
| Nombre de persona |
Corradin, Clarisa |
| Fechas asociadas al nombre |
1992 |
| Término indicativo de función |
ilustradora |
| 700 1# - PUNTO DE ACCESO ADICIONAL - NOMBRE DE PERSONA |
| Nombre de persona |
Sanchis Ferrer, Pau |
| Término indicativo de función |
traductor |
| 942 ## - ENTRADA DE ELEMENTOS AGREGADOS (KOHA) |
| Fuente de clasificaión o esquema |
Dewey Decimal Classification |
| Koha [por defecto] tipo de item |
Libro Infantil |